00695nam a2200193 a 450000100060000000300090000600800410001502000150005604000280007108200190009911000530011824500600017126000550023130000100028649000380029650000760033465000460041065000450045612531CO-ViMGA141112s2004 ck r 000 u spa d a9589080135 aCO-ViMGAbspacCO-ViMGA04a070.4495 C65pl aConvenio Andres Bello secretaria EJecutiva SECAB10aEl periodista Cientifíco toca la puerta del siglo XXI aBogotá : bFundacion Konrad Adenauer Kas, c1988 a334p. aCiencia y Tecnología Número 9 aVol. y núm. : Editado por Lisbeth Fog Corradine - Comunicadora Social14aINFORMACION CIENTIFICA - América LATINA14aPERIODISMO CIENTIFICO - América LATINA